Регионална библиотека "Любен Каравелов" - Русе

Русский язык в сфере дипломатии (Запис номер 30985)

MARC детайли
000 -Лидер
Контролно поле с фиксирана дължина 01413nam a2200325 c 4500
003 - Код на организацията, давaща контролен номер
Контролно поле BLK
005 - Дата и час на последна редакция
Контролно поле 20180420220422.0
008 - Елементи от данни с фиксирана дължина
fixed length control field 180407b bul|||||r ||||||| ||bul||
010 ## - Наследен системен номер
LC control number KNG00033628000
020 ## - Международен стандартен номер на книга ISBN
Международен стандартен номер на книга ISBN 954-715-032-4
-- издат.: Варненски свободен унив. Черноризец Храбър
040 ## - Източник на каталожния запис
Идентификатор на билиотеката - собственик на записа BLK
041 ## - Код за език
Код за езика на текст/звукозапис или на отделно заглавие Руски
Код за езика КДБФ Руски
080 ## - УДК
Текстов определител УДК Руски език
УДК код - определител по УДК 811.161.1
УДК определител (075.8)
УДК - код + определител 811.161.1(075.8)
100 1# - Редна дума - Автор
Автор Цонева, Анастасия Атанасова
Авторска отговорност първи автор
R(LIN) 271152
139 ## - Редно поле
Редна дума Цонева, Анастасия Атанасова
Авторски знак Цонев - Ц 80
245 10 - Сведения за заглавието
Заглавие Русский язык в сфере дипломатии
Подзаглавни данни Дипломат. деятельность ; Протокол и церемониал ; Дипломат. переписка
Редно поле (дума) Анастасия Атанасова Цонева.
257 ## - Страна на издаване
Страна на създаване/издаване България
260 ## - Област на издателските данни
-- Варна
Име на издателя, разпространителя и проч. Варненски свободен унив. Черноризец Храбър
Година на издаване 1999
Печатница Варна : Сиера Ив
300 ## - Физическа характеристика
Страници 212 с.
Размери/Мащаб 21 см
380 ## - Жанр
Жанр Езикознание. Филология
500 ## - Общи забележки
Забележка Деп. сп.35. - Офс. изд. - 500 тир.
650 #4 - Допълнително описание по предмет – тема
Основно описание – тема или топоним Руски език - учебници за ВУЗ
9 (RLIN) 248838
653 ## - Ключова дума – ненормативна
Ключова дума руски език
653 ## - Ключова дума – ненормативна
Ключова дума дипломация
852 ## - Местоположение
Форматна сигнатура Цб 205756
856 4# - Електронен адрес и достъп
Електронен формат pdf - файл
Път до файла /url/
856 4# - Електронен адрес и достъп
Електронен формат pdf - файл
Път до файла /url/
942 ## - АРТИКУЛИ
Вид на библиотечния материал Книги
Скрит в OPAC Не
944 ## - СЪЗДАВАНЕ И РЕДАКЦИЯ на ЗАПИСА
Създаване/Редакция Създаване
Дата на регистрацията/редакция 11.03.2003
Служител, извършил регистрацията/редакцията AB_DOS
944 ## - СЪЗДАВАНЕ И РЕДАКЦИЯ на ЗАПИСА
Създаване/Редакция Редакция
Дата на регистрацията/редакция 11.03.2003
Служител, извършил регистрацията/редакцията
999 ## - СИСТЕМНИ КОНТРОЛНИ НОМЕРА
Koha biblionumber 30985
Koha biblioitemnumber 30985
Наличности
Код за отписване Код за изгубен артикул Източник на класификационната схема Код за повреда Коз за рестрикции Код за отдаване Артикулен № Име на библиотеката - собственик Име на библиотеката, в която се намира в момента Статус (Текущо местоположение) Дата на вписване в системата Местоположение - отдел Цена в лева Инвентарен номер Систематично азбучна сигнатура Баркод Номер на екземпляра Цена в евро Служебен тип на артикула Служебна бележка
  Не е изгубен Universal Decimal Classification Не е повреден без рестрикции ползва се в читалня 49527 Регионална библиотека "Любен Каравелов" Русе Регионална библиотека "Любен Каравелов" Русе Хранилище 2001-01-01 Хранилище 0.00 659382 Цб 205756 120000659382 1 0.00 Книги  
  Не е изгубен Universal Decimal Classification Не е повреден без рестрикции заемане за дома 49528 Регионална библиотека "Любен Каравелов" Русе Регионална библиотека "Любен Каравелов" Русе Заемна - подръчен фонд 2003-02-27 Заемна - подръчен фонд 0.00 120000675021 811/Ц 80 А 120000675021 2 0.00 Книги Дост: DA Вид: А N: 2 Дата: 27.02.2003 Дата инв: 08.02.2018 Бележки инв: П2018
Vip Innovations Ltd, Rousse, Bulgaria 2025